00444nam a2200169 a 4500001001300000003000900013005001700022008004100039020001000080082001600090100001700106245003800123260004400161300000900205500003500214650002500249nice12345678IN_TiNIC20260116011730.0050524s1970 boma grp 000 0 urd  ac10000a823.4bBUN1 aBunyan, John aMasihi MusafirbPilgrims Progress aBombaybGospel Literature Servicec1970 a193p aincludes index and biblioraphy aLiterature-Christian